000 01221nmm a2200337 a 4500
001 ocm0002347962
003 TR-IsHL
005 20201028185215.0
008 190904s2017 tu tur
007 cr cn
020 _a9786052022177
035 _a2347962
_b(N$T)
050 0 4 _aPG3465.T8
_bM65 2017
090 0 4 _aPG3465.T8
_bM65 2017
100 1 _aGorki, Maksim
245 1 0 _aBenim üniversitelerim
_h[electronic resource] /
_cMaksim Gorki ; Çeviren A. Erkin Köylügil ; editör Tuğba Aydın
250 _a1. Baskı
260 _aİstanbul :
_bİlgi Kültür Sanat Yayıncılık ,
_c2017
300 _a216 p.
500 _aözgün adı: Moi universitety
650 4 _aDil ve Edebiyat
650 4 _aLanguage and Literature
650 0 _aGorki, Maksim, 1868-1936
_x Biyografi
650 0 _aGorki, Maksim, 1868-1936
_x Biography
650 0 _aYazarlar, Rus
_x 20. yy.
_x Biyografi
650 0 _aAuthors, Russian
_x 20th century
_x Biography
650 7 _aLITERARY COLLECTIONS / Russian & Former Soviet Union
_2bisacsh
700 1 _aKöylügil, A. Erkin
700 1 _aAydın Tuğba
856 4 0 _uhttp://search.ebscohost.com/login.aspx?direct=true&scope=site&db=e011xww&AN=2347962
999 _c21359
_d21359